[Event "Pocos de Caldas op"]
[Site "Pocos de Caldas"]
[Date "2018.03.04"]
[Round "6"]
[White "Palmeira, Pedro Alberto Marti"]
[Black "De Freitas, Rames Fialho"]
[Result "0-1"]
[WhiteElo "1942"]
[BlackElo "1819"]
[PlyCount "120"]
[EventDate "2018.03.02"]
[EventType "swiss"]
[EventRounds "6"]
[EventCountry "BRA"]
[SourceTitle "CBM 183 Extra"]
[Source "ChessBase"]
[SourceDate "2018.04.19"]
[SourceVersion "1"]
[SourceVersionDate "2018.04.19"]
[SourceQuality "1"]

1. Nf3 Nf6 2. d4 e6 3. g3 d5 4. Bg2 Be7 5. 0-0 0-0 6. Bg5 Nbd7 7. Nbd2 h6 8. Bxf6 Nxf6 9. c3 b6 10. Ne5 Bb7 11. f4 c5 12. e3 Bd6 13. h3 Rc8 14. Qe2 Rc7 15. Kh2 Qc8 16. g4 Ba6 17. Qf3 Bxf1 18. Rxf1 cxd4 19. exd4 b5 20. a3 a5 21. h4 Qd8 22. g5 Nh7 23. Qh5 hxg5 24. hxg5 Re8 25. Kg3 g6 26. Qh4 f6 27. gxf6 Qxf6 28. Qg4 Rg7 29. Kh3 Qf5 30. Bf3 Nf6 31. Qxf5 gxf5 32. Be2 b4 33. axb4 axb4 34. Ndf3 bxc3 35. bxc3 Ne4 36. c4 Bxe5 37. Nxe5 Rg3+ 38. Kh4 Re7 39. Ra1 Reg7 40. Ra8+ Kh7 41. c5 Rg1 42. Bf3 Nd2 43. Ra3 Nxf3+ 44. Rxf3 Rh1+ 45. Rh3 Re1 46. c6 Re4 47. Nd7 Rxf4+ 48. Kh5 Rxd4 49. Nf6+ Kh8 50. Rb3 Rf7 51. Rb8+ Kg7 52. Ne8+ Kh7 53. c7 Rc4 54. c8Q Rxc8 55. Rxc8 f4 56. Nd6 Rd7 57. Ne8 Rf7 58. Kg5 Rf5+ 59. Kg4 f3 60. Nd6 f2 0-1

[Event "BRA-ch Amateur"]
[Site "Sao Paulo"]
[Date "2013.02.11"]
[Round "5"]
[White "De Paula, Luciano Alves"]
[Black "Palmeira, Pedro Alberto Marti"]
[Result "0-1"]
[WhiteElo "1810"]
[BlackElo "1982"]
[PlyCount "120"]
[EventDate "2013.02.09"]
[EventType "swiss"]
[EventRounds "7"]
[EventCountry "BRA"]
[SourceTitle "CBM 152 Extra"]
[Source "ChessBase"]
[SourceDate "2013.02.25"]
[SourceVersion "1"]
[SourceVersionDate "2013.02.25"]
[SourceQuality "1"]

1. d4 Nf6 2. c4 d6 3. Nc3 g6 4. e4 Bg7 5. Nf3 0-0 6. Be2 Nbd7 7. 0-0 e5 8. Be3 h6 9. Nd2 c6 10. d5 cxd5 11. cxd5 Ne8 12. f3 f5 13. Rc1 f4 14. Bf2 a6 15. Nc4 b5 16. Nd2 Ndf6 17. Qb3 Bd7 18. a4 bxa4 19. Nxa4 Rb8 20. Nb6 Bb5 21. Bxb5 Rxb6 22. Bxb6 Qxb6+ 23. Kh1 axb5 24. Rc6 Qa5 25. Qc2 g5 26. Nb3 Qb4 27. Rc1 Rf7 28. Qc3 Qxc3 29. R1xc3 b4 30. R3c4 Rb7 31. Kg1 Nd7 32. Rc8 Kf7 33. g3 fxg3 34. hxg3 h5 35. g4 hxg4 36. fxg4 Ndf6 37. Kf2 Nxg4+ 38. Kf3 Ngf6 39. Na5 Rb6 40. Kg3 g4 41. Nc6 b3 42. Nd8+ Kg6 43. Ne6 Bh6 44. Ra8 Kh5 45. Ra6 Rb7 46. Rac6 Bd2 47. Ra6 Be1+ 48. Kg2 Kh4 49. Ra1 Nh5 50. Rxe1 Nf4+ 51. Nxf4 exf4 52. Rh1+ Kg5 53. Rh8 Nf6 54. Rd8 f3+ 55. Kf2 Re7 56. Kg1 Nxe4 57. Rg8+ Kf4 58. Rb4 Kg3 59. Kh1 Nf2+ 60. Kg1 Re1# 0-1

[Event "Caxambu op"]
[Site "Caxambu"]
[Date "2009.11.01"]
[Round "5.3"]
[White "Fontoura, Rogerio Lemos"]
[Black "Palmeira, Pedro Alberto Marti"]
[Result "1/2-1/2"]
[WhiteElo "2062"]
[BlackElo "1982"]
[PlyCount "108"]
[EventDate "2009.10.30"]
[EventType "swiss"]
[EventRounds "7"]
[EventCountry "BRA"]
[SourceTitle "EXT 2022"]
[Source "ChessBase"]
[SourceDate "2021.10.06"]
[SourceVersion "1"]
[SourceVersionDate "2021.10.06"]
[SourceQuality "1"]

1. d4 Nf6 2. Nf3 g6 3. Bf4 Bg7 4. h3 d5 5. e3 0-0 6. Be2 c5 7. c3 cxd4 8. exd4 Nbd7 9. 0-0 e6 10. Na3 a6 11. Qa4 Nb6 12. Qa5 Re8 13. Rfe1 Bd7 14. Ne5 Rc8 15. Nc2 Nc4 16. Qxd8 Rexd8 17. Nxc4 dxc4 18. a4 Nd5 19. Bg3 Bh6 20. a5 Nf4 21. Bxf4 Bxf4 22. g3 Bd6 23. Bf3 Bc6 24. Bxc6 Rxc6 25. Kg2 Bc7 26. Ra4 b5 27. Raa1 Kg7 28. Nb4 Rcd6 29. h4 h5 30. f4 Ra8 31. Re5 Rd7 32. Re2 Bd6 33. Nc6 Rc8 34. Ne5 Bxe5 35. Rxe5 b4 36. Ra4 bxc3 37. bxc3 Rd5 38. Rb4 Rc6 39. Rxd5 exd5 40. Rb6 Re6 41. Rb7 Re2+ 42. Kf1 Ra2 43. Rd7 Rxa5 44. Rd6 Kf8 45. f5 gxf5 46. Rh6 Kg7 47. Rxh5 Kg6 48. Rg5+ Kf6 49. Rg8 Ra3 50. h5 Rxc3 51. h6 Rc1+ 52. Kg2 Rc2+ 53. Kh3 Rc1 54. Kg2 Rc2+ 1/2-1/2

[Event "Caxambu op"]
[Site "Caxambu"]
[Date "2009.10.31"]
[Round "3.7"]
[White "Gomes, Carlos Henrique Cal"]
[Black "Palmeira, Pedro Alberto Marti"]
[Result "0-1"]
[WhiteElo "1915"]
[BlackElo "1982"]
[PlyCount "76"]
[EventDate "2009.10.30"]
[EventType "swiss"]
[EventRounds "7"]
[EventCountry "BRA"]
[SourceTitle "EXT 2022"]
[Source "ChessBase"]
[SourceDate "2021.10.06"]
[SourceVersion "1"]
[SourceVersionDate "2021.10.06"]
[SourceQuality "1"]

1. d4 Nf6 2. c4 g6 3. Nc3 Bg7 4. e4 d6 5. Nf3 0-0 6. Be2 Nbd7 7. 0-0 e5 8. d5 Nc5 9. Nd2 a5 10. f3 Nfd7 11. Nb3 f5 12. Be3 b6 13. Nxc5 Nxc5 14. a3 f4 15. Bf2 g5 16. Na4 Bd7 17. Nxc5 bxc5 18. Qd2 a4 19. Rfb1 Rb8 20. Bd1 h5 21. b4 axb3 22. Rxb3 Rxb3 23. Bxb3 g4 24. Bd1 Qa8 25. a4 Rb8 26. a5 Qa6 27. Qa2 gxf3 28. gxf3 Bh3 29. Be1 Bf6 30. Be2 Kh7 31. Bf1 Rg8+ 32. Kf2 Qc8 33. Bd2 Bxf1 34. Kxf1 Qh3+ 35. Ke2 Qg2+ 36. Kd1 Qxf3+ 37. Kc1 Qd3 38. a6 Rg1+ 0-1

[Event "Sindilegis op-B"]
[Site "Sindilegis"]
[Date "2009.10.25"]
[Round "?"]
[White "Branchini, Fernando Luis Sakam"]
[Black "Palmeira, Pedro Alberto Marti"]
[Result "0-1"]
[WhiteElo "1819"]
[BlackElo "1982"]
[PlyCount "130"]
[EventDate "2009.10.23"]
[EventType "swiss"]
[EventRounds "6"]
[EventCountry "BRA"]
[SourceTitle "EXT 2012"]
[Source "ChessBase"]
[SourceDate "2011.11.24"]
[SourceVersion "1"]
[SourceVersionDate "2011.11.24"]
[SourceQuality "1"]

1. e4 Nf6 2. e5 Nd5 3. c4 Nb6 4. d4 d6 5. exd6 exd6 6. Nf3 Bg4 7. Nbd2 Be7 8. Bd3 Nc6 9. Qc2 Nb4 10. Qb3 Nxd3+ 11. Qxd3 0-0 12. 0-0 c6 13. b3 Bh5 14. Re1 Bg6 15. Qe2 Re8 16. Bb2 Qd7 17. Qd1 Bf6 18. Nb1 Rxe1+ 19. Qxe1 Re8 20. Qf1 d5 21. c5 Nc8 22. Nbd2 Ne7 23. Re1 Qf5 24. Qe2 Qc2 25. Nf1 Qxe2 26. Rxe2 b6 27. cxb6 axb6 28. Ba3 Kf8 29. Ne5 Bxe5 30. Rxe5 f6 31. Rxe7 Rxe7 32. Bxe7+ Kxe7 33. Ne3 Bd3 34. f3 Kd6 35. b4 c5 36. bxc5+ bxc5 37. dxc5+ Kxc5 38. Kf2 d4 39. Nd1 Kb4 40. Ke1 Ka3 41. Kd2 Bf1 42. g3 Kxa2 43. Nf2 Kb3 44. Ne4 Kc4 45. Nd6+ Kd5 46. Ne8 Bg2 47. Nxg7 Bxf3 48. Ne8 Ke5 49. Ng7 Bg4 50. Kd3 h6 51. Ne8 Bf5+ 52. Kd2 Bg6 53. Nc7 f5 54. Nb5 Be8 55. Nc7 Bd7 56. Na6 Bb5 57. Nc7 Bc4 58. Ne8 h5 59. Kc2 Bf7 60. Nc7 Ke4 61. Nb5 Ke3 62. Nd6 d3+ 63. Kc3 Be6 64. Nb5 d2 65. Kc2 Bb3+ 0-1

[Event "Campinas IRT LCX 05th"]
[Site "Campinas"]
[Date "2008.03.23"]
[Round "4"]
[White "Paniza, Antonio Carlos"]
[Black "Palmeira, Pedro Alberto Marti"]
[Result "0-1"]
[WhiteElo "1872"]
[BlackElo "2056"]
[PlyCount "60"]
[EventDate "2008.03.21"]
[EventType "tourn"]
[EventRounds "13"]
[EventCountry "BRA"]
[SourceTitle "EXT 2022"]
[Source "ChessBase"]
[SourceDate "2021.10.06"]
[SourceVersion "1"]
[SourceVersionDate "2021.10.06"]
[SourceQuality "1"]

1. d4 Nf6 2. c4 g6 3. Nc3 Bg7 4. g3 0-0 5. Bg2 d6 6. Nf3 Nbd7 7. 0-0 c6 8. Nd2 e5 9. e3 Qe7 10. d5 c5 11. Qe2 Ne8 12. f4 f5 13. Nf3 h6 14. Bd2 e4 15. Ne1 Ndf6 16. h3 h5 17. Nc2 Bd7 18. Kh2 a6 19. Rg1 Nc7 20. Raf1 b5 21. b3 b4 22. Nd1 a5 23. Bc1 a4 24. Bb2 axb3 25. axb3 Ra2 26. Nf2 Rxb2 27. g4 hxg4 28. hxg4 Nxg4+ 29. Nxg4 Qh4+ 30. Bh3 fxg4 0-1